Zwycięscy 20 najlepszych lig sezonu 2021/2022. - Statystyki

Ogólne statystyki
  • Ten quiz został rozwiązany 169 razy
  • Średni wynik to 12 z 20
Statystyki odpowiedzi
Kraj Drużyna % Poprawnych
Hiszpania Real Madryt
99%
Niemcy Bayern Monachium
97%
Francja PSG
97%
Anglia Manchester City
96%
Włochy Ac Milan
95%
Portugalia Fc Porto
93%
Holandia Ajax Amsterdam
92%
Ukraina( Zwycięzca sezonu 2020/2021) Dynamo Kijów
73%
Szkocja Celtic Glasgow
69%
Rosja Zenit Petersburg
66%
Dania FC København
52%
Belgia Club Brugge
43%
Chorwacja Dinamo Zagrzeb
43%
Austria Red Bull Salzburg
38%
Serbia FK Crvena zvezda Belgrad
36%
Grecja Olympiakos Pireus
34%
Czechy Viktoria Pilzno
31%
Norwegia(Zwycięzca sezonu 2021) FK Bodø/Glimt
27%
Turcja Trabzonspor
26%
Szwajcaria FC Zürich
24%
Nie znaleziono quizów pasujących do podanych kryteriów
Rozkład punktacji
Procent ludzi z każdym wynikiem
Percentyl według liczby udzielonych odpowiedzi
Twoja historia wyników
Nie rozwiązałeś tego quizu